000 00557nam a2200181 i 4500
001 47374
003 ES-MaACL
005 20250620063014.0
007 t|
008 030407s1957 sp ||||1| spa d
100 1 _aCorbera Fradera, Carolina,
_d1926-1979
_940459
245 1 0 _aFuente desnuda /
_cCarolina Corbera Fradera ; ilustraciones de la autora.
260 _aMadrid :
_bLincor,
_c1957.
300 _a105 p., 11 lám. ;
_c17 cm.
852 _aES-MaACL
_jC-13991
_bR.41238
852 _aES-MaACL
_jC-14742
_bR.42660
999 _c47374
_d47374